Bem-vindo! (Record no. 50936)

MARC details
000 -LÍDER
campo de controle de tamanho fixo 00230 a2200109 4500
001 - NÚMERO DE CONTROLE
campo de controle 50936
040 ## - FONTE DA CATALOGAÇÃO
Instituição que transcreveu o registro Anchieta - Pituba
240 10 - TÍTULO UNIFORME
Título uniforme Bem-vindo!
Idioma da obra
245 10 - TÍTULO
Título Bem-vindo!
650 #4 - ASSUNTO--TERMO TÓPICO
Cabeçalho tópico ou nome geográfico Línguas espanhola e portuguesa
942 ## - ELEMENTOS DE ENTRADA ADICIONADOS (KOHA)
Tipo de material Koha Materiais mixtos
Holdings
Situação do descarte Situação das perdas Situação física Não pode ser emprestado Biblioteca de origem Biblioteca atual Data de aquisição Total de empréstimos Número de chamada completo Código de barras Data de último acesso Data do último empréstimo Data do preço efetivo Tipo de material Koha
        Colégio Anchieta - Pituba Colégio Anchieta - Pituba 21/11/2023 1 460 B455 BEM 308/PIT 17/04/2024 15/04/2024 21/11/2023 Materiais mixtos